Ukiran

Bibliographic Details
Main Author: E-man
Format: Book
Published: K.L. : Cipta Publishing , 2013
Series:Siri warisan seni kraf
Subjects:

MARC

LEADER 00000cam a2200000 7i4500
001 0000039740
005 20140105.0
008 140105
020 |a 9838093965 
090 0 0 |a 745.509595   |b EMA 
100 1 |a E-man 
245 1 0 |a Ukiran   |c E-man 
260 |a K.L. :   |b Cipta Publishing ,   |c 2013 
440 |a Siri warisan seni kraf 
650 0 |a Handicraft   |x juvrnile literature... 
650 0 |a Metal - work 
999 |a 0001261726   |b Book   |c Adult Collection   |e Perbadanan Perpustakaan Awam Johor 
999 |a 0001262967   |b Book   |c Adult Collection   |e Cawangan Segamat 
999 |a 0001262968   |b Book   |c Adult Collection   |e Cawangan Kota Tinggi 
999 |a 0001262969   |b Book   |c Adult Collection   |e Cawangan Bukit Gambir 
999 |a 0001262970   |b Book   |c Adult Collection   |e Cawangan Mersing 
999 |a 0001262971   |b Book   |c Adult Collection   |e Cawangan Tangkak 
999 |a 0001262972   |b Book   |c Adult Collection   |e Cawangan Bandar Tenggara 
999 |a 0001262973   |b Book   |c Adult Collection   |e Cawangan Muar 
999 |a 0001262974   |b Book   |c Adult Collection   |e Cawangan Bandar Penawar 
999 |a 0001262975   |b Book   |c Adult Collection   |e Cawangan Taman Sri Lambak 
999 |a 0001262978   |b Book   |c Adult Collection   |e Cawangan Tmn. Ungku Tun Aminah 
999 |a 0001262980   |b Book   |c Adult Collection   |e Cawangan Pontian